1607 1485 1938 1130 1307 1191 1439 1929 1948 1047 1196 1218 1830 1481 1024 1584 1277 1902 1961 1858 1763 1286 1671 1268 1501 1511 1099 1546 1291 1710 1252 1947 1362 1744 1880 1591 1650 1845 1092 1940 1429 1289 1180 1458 1863 1788 1461 1645 1583 1146 1990 1105 1615 1961 1063 1300 1351 1021 1426 1002 1647 1403 1526 1933 1436 1571 1817 1065 1627 1139 1927 1183 1030 1809 1684 1745 1602 1439 1196 1236 1450 1058 1484 1699 1151 1802 1279 1354 1188 1766 1975 1202 1659 1704 1012 1487 1747 1729 1670 BCNSPRNW ULIB Ver.6.0+V

เปลี่ยนเป็นภาษาไทย

Change to English
 แสดงรายละเอียดบรรณานุกรม
  กลับหน้าหลัก

Brief Record : Get Marc (ISO 2709) : E-mail record : QR code < ปิดหน้าต่าง
LEADER : 00000nam 2200000uu 4500
001    13399123262
003     ULIB
008    020711s2549 th a 000 0 tha d
020    9789749785560
060    DS578.32^bอ476ต
100    อัครวัฒน์ โอสถานุเคราะห์
245    ตามรอยบาทพระราชชนนี
250    พิมพ์ครั้งที่ 5
260     ^bม.ป.ท.,^c2549
300    224 หน้า
945    ^p199^l0^i019642
รายการนี้ยังไม่มีแท็ก
คุณยังไม่ได้ล็อกอิน คุณสามารถมีกิจกรรมร่วมกับเว็บไซต์ได้ แต่ต้องล็อกอินก่อน ::
  ล็อกอิน

รายการสื่อสารสนเทศ

ลำดับที่ ประเภท เลขเรียก/บาร์โค้ด สถานที่ สถานะ
1. การศึกษาทั่วไป
การศึกษาทั่วไป
DS578.32 อ476ต ฉ.1 
  Barcode: 019642
ห้องสมุดวิทยาเขตสวรรค์ประชารักษ์
►หนังสือทั่วไป
บนชั้น

BibComment


ยังไม่เคยถูกคอมเมนท์

คอมเมนท์ทรัพยากรรายการนี้
  คอมเมนท์: ตามรอยบาทพระราชชนนี


 Copyright 2026. Bcnsprnw @Library